| 000 | 00887nas a2200289 4500 | ||
|---|---|---|---|
| 001 | BR0000610 | ||
| 003 | BR-BrBNA | ||
| 005 | 20231205101652.0 | ||
| 007 | ta | ||
| 008 | 230509b bl.|||p| |||| 00| 00por d | ||
| 040 |
_aBR-BrBNA _bpor _cBiblioteca Nacional de Agricultura |
||
| 041 | _a(Pt) | ||
| 072 | _aK10 | ||
| 100 | 1 | _aAssis, R.L. de | |
| 100 | 1 | _aFerreira, M.M. | |
| 100 | 1 | _aMorais, E.J. de | |
| 100 | 1 | _aFernandes, L.A. | |
| 245 | 1 | _aProducao de biomassa de Eucalyptus urophylla S.T. Blake sob diferentes espacamentos na regiao de cerrado de Minas Gerais | |
| 650 | _aEucalipto | ||
| 650 | _aEspacamento | ||
| 650 | _aBiomassa | ||
| 650 | _aMetodo Estatistico | ||
| 650 | _aMinas Gerais | ||
| 773 | 0 |
_tRevista Arvore (Brazil) _xISSN 0100-6762 _g(Apr-Jun 1999), v. 23(2) p. 151-156 _wBR0000610 |
|
| 909 |
_a202311 _bLúcia _c55 _dLúcia Elande |
||
| 942 |
_2AGRIS _n0 _cANA |
||
| 999 |
_c163148 _d163148 |
||